Statistiques concernant Un mot, Un pays

Cliquez ici pour prendre le quiz!

Statistiques générales

  • Ce quiz a été pris 344 fois
  • Le résultat moyen est 11 sur 21

Statistiques - réponses

MotPays / Adjectif% Correct
Casse-têteChinois
84%
EtéIndien
78%
BergerAllemand
75%
AubergeEspagnole
75%
MontagnesRusses
73%
ToilettesTurques
72%
TéléphoneArabe
68%
PatientAnglais
66%
PoingAméricain
64%
Aller se faire voir chez lesGrecs
63%
CigareCubain
62%
BlagueBelge
54%
PetitSuisse
54%
OmeletteNorvégienne
51%
Renvoyer aux calendesGrecques
47%
AmeriqueLatine
42%
FauconMaltais
34%
AlumettesSuedoises
31%
DoucheEcossaise
28%
ParapluieBulgare
14%
Volant*Hollandais
14%

Distribution des résultats

Percentile par nombre de réponses

% des personnes avec chaque résultat

Votre développement - résultats

Vous n’avez pas pris ce quiz